Vampire Survivors Evolutions - Statistics

General Stats
  • This quiz has been taken 17 times
    3 since last reset
  • The average score is 36 of 144
Answer Stats
Hint Passive(s) Required Answer % Correct
Base Game Whip Hollow Heart Bloody Tear
100%
Base Game Magic Wand Empty Tome Holy Wand
100%
Base Game Axe Candelabardor Death Spiral
67%
Base Game Cross Clover Heaven Sword
67%
Base Game Clock Lancet Gold Ring, Silver Ring Infinite Corridor
67%
Base Game Santa Water Attractorb La Borra
67%
Base Game Runetracer Armor NO FUTURE
67%
Base Game Garlic Pummarola Soul Eater
67%
Base Game Knife Bracer Thousand Edge
67%
Base Game Bracelet, Bi-Bracelet - Tri-Bracelet
67%
Base Game King Bible Spellbinder Unholy Vespers
67%
Ode to Castlevania Alucard Swords - Alucard Shield
33%
Ode to Castlevania Alucard Sworb - Alucard Swords
33%
Morph Bone Mortaccio Level 80 Anima of Mortaccio
33%
Base Game Flames of Misspell Torrona's Box Ashes of Muspell
33%
Operation Guns Metal Claw Hollow Heart, Weapon Power-Up Big Fuzzy Fist
33%
Ode to Castlevania Curved Knife Bracer Bwaka Knife
33%
Ante Chamber Gros Michel Outer Saboteur Cavendish
33%
Extra Glass Fandango Wings Celestial Voulge
33%
Ode to Castlevania Endo Gears, Peri Pendulum, Myo Lift, Epi Head - Clock Tower
33%
Base Game Laurel Metaglio Right, Metaglio Left Crimson Shroud
33%
Ode to Castlevania Platinum Whip Clover Cross Crasher Tip
33%
Emergency Meeting Lucky Swipe Mini Engineer Crossed Wires
33%
Ode to Castlevania Anura, Evolved Garlic - Dark Frogmorphosis
33%
Ode to Castlevania Svarog Statue, Evolved Shadow Pinion - Darkness Illusion
33%
Ode to Castlevania Arrow of Goth, Evolved Song of Mana - Dies Irae
33%
Legacy of the Moonspell Summon Night Duplicator Echo Night
33%
Extra Gaze of Gaea Parm Aegis Embrace of Gaea
33%
Emergency Meeting Report! Mini Crewmate Emergency Meeting
33%
Legacy of the Moonspell Silver Wind Pummarola Festive Winds
33%
Operation Guns Firearm Candelabrador, Weapon Power-Up Fire-L3GS
33%
Base Game Evolved Whip and Vento Sacro Hollow Heart Fuwalafuwaloo
33%
Ode to Castlevania Rock Riot Gold Mask Gemma Torpor
33%
Legacy of the Moonspell Four Seasons Candelabrador Godai Shuffle
33%
Base Game Pentagram Crown Gorgeous Moon
33%
Extra Ammo Appalate Bracer Guntastrophe
33%
Base Game Fire Wand Spinach Hellfire
33%
Ode to Castlevania Hydrostorm, Evolved Santa Water - Hydro Pump Climax
33%
Ode to Castlevania Dragon Water Whip Attractorb Hydrostormer Tip
33%
Emergency Meeting Sharp Tongue Mini Imposter Impostongue
33%
Ode to Castlevania Silver Revolver Karoma's Mana Jewel Gun
33%
Legacy of the Moonspell Mirage Robe Attractorb J'Odore
33%
Ode to Castlevania Aura Blast, Evolved Fire Wand - Kardia Phlegeton
33%
Extra Magi-Stone Karoma's Mana Kyra-Stones
33%
Ode to Castlevania Dark Rift, Evolved Axe - Legacy of Death: Soul River
33%
Tides of the Foscari Eskizzbur Armor Legionnaire
33%
Ode to Castlevania Javelin Spellbinder Long Inus
33%
Tides of the Foscari Prismatic Missile Crown Luminaire
33%
Base Game Song of Mana Skull o'Maniac Mannajja
33%
Extra Pako Battiliar Hollow Heart Mazo Familiar
33%
Ode to Castlevania Wine Glass Tirajisu Meal Ticket
33%
Ode to Castlevania Confodere, Vol Confodere - Melio Confodere
33%
Tides of the Foscari Flash Arrow Bracer Millionaire
33%
Ode to Castlevania Valmanway, Evolved Knife - Million Cut
33%
Operation Guns Homing Miss Duplicator, Weapon Power-Up Multistage Missiles
33%
Legacy of the Moonspell Night Sword Stone Mask Muramasa
33%
Ante Chamber Infernolatro Outer Saboteur NaneInferno
33%
Ante Chamber Celestial Booster Outer Saboteur Negative Space
33%
Ode to Castlevania Hex Skull o'Maniac Nightmare
33%
Ode to Castlevania Globus Empty Tome Nitesco
33%
Tides of the Foscari Shadow Servant Skull o'Maniac Ophion
33%
Emergency Meeting Lifesign Scan Mini Ghost Paranormal Scan
33%
Base Game Pheira Der Tuphello and Eight the Sparrow Tirajisu Phieraggi
33%
Extra Phas3r Empty Tome Photonstorm
33%
Ode to Castlevania Gale Force Bracer Pneuma Tempestas
33%
Ode to Castlevania Soul Steal, Evolved Gatti Amari - Power of Lire
33%
Ode to Castlevania Dominus Anger, Dominus Hatred, Dominus Agony - Power of Sire
33%
Morph Celestial Dusting O'Sole Meeo Level 80 Profusione D'Amore
33%
Operation Guns Long Gun Weapon Power-Up Prototype A
33%
Operation Guns Short Gun Bracer, Weapon Power-Up Prototype B
33%
Operation Guns Spread Shot Empty Tome, Weapon Power-Up Prototype C
33%
Ode to Castlevania Sonic Dash Wings Rapidus Flo
33%
Ode to Castlevania Tyrfing Spinach Rune Sword
33%
Ode to Castlevania Refectio Clover Sanctuary
33%
Extra Santa Javelin Clover Seraphic Cry
33%
Base Game Victory Sword Torrona's Box Sole Solution
33%
Tides of the Foscari Spellstring, Spellstream, Spellstrike - Spellstrom
33%
Base Game Candybox - Super Candybox II Turbo
33%
Ode to Castlevania Hand Grenade Candelabrador The RPG
33%
Base Game Lightning Ring Duplicator Thunder Loop
33%
Operation Guns Prism Lass Wings, Weapon Power-Up Time Warp
33%
Ode to Castlevania Dextro Custos, Sinestro Custos, Centralis Custos - Trinum Custodem
33%
Ode to Castlevania Evolved Luminatio, Evolved Umbra - Universitas
33%
Emergency Meeting Just Vent Mini Shapeshifter Unjust Ejection
33%
Base Game Shadow Pinion Wings Valkyrie Turner
33%
Ode to Castlevania Alchemy Whip Tirajisu Vampire Killer
33%
Base Game Peachone and Ebony Wings - Vandalier
33%
Base Game Gatti Amari Stone Mask Vicious Hunger
33%
Ode to Castlevania Sword Brothers, Evolved Lightning Ring - Vjaya Sisters
33%
Ode to Castlevania Luminatio Crown Vol Luminatio
33%
Ode to Castlevania Umbra Attractorb Vol Umbra
33%
Base Game Chaos Rune Spellbinder Wicked Ruler
33%
Ode to Castlevania Iron Ball Armor Wrecking Ball
33%
Ode to Castlevania Shuriken Empty Tome Yagyu Shuriken
33%
Morph Cherry Bomb Yatta Cavallo Level 80 Yatta Daikarin
33%
Ode to Castlevania Optical Shot Karoma's Mana Acerbatus
0%
Ode to Castlevania Grand Cross, Evolved Cross - Arch Angle
0%
Operation Guns Diver Mines Attractorb, Weapon Power-Up Atmo-Torpedo
0%
Ode to Castlevania Vanitas Whip Hollow Heart Aurablaster Tip
0%
Operation Guns Blade Crossbow Clover, Weapon Power-Up BFC2000-AD
0%
Emerald Diorama Sanguine Star Stone Mask Blood Chalice
0%
Legacy of the Moonspell Mille Bolle Blu Spellbinder Boo Roo Boolle
0%
Ode to Castlevania Troll Bomb, Evolved Runetracer - Carnage Heart
0%
Morph Carrello Blanca Ramba Level 80 Carozza!
0%
Ode to Castlevania Sonic Whip Skull o'Maniac Cissaegrim Tip
0%
Ode to Castlevania Pocket Knife Torrona's Box Claimh Solais
0%
Emergency Meeting Clear Debris Mini Guardian Clear Asteroids
0%
Ode to Castlevania Ice Fang Spellbinder Cocytus
0%
Ode to Castlevania Iron Shield Parm Aegis Dark Iron Shield
0%
Emerald Diorama Town Sword, Lordstar - Dayblade
0%
Ode to Castlevania Vibhuti Whip Candelabrador Daybreaker Tip
0%
Emerald Diorama Saber Machine Gun, Hecaton Machine Gun - Divergence
0%
Emerald Diorama Emerald Rapture Crown Emerald Wave
0%
Emerald Diorama Fleuret, Dress Sword - Espada Ropera
0%
Emerald Diorama Bullova Skull o'Maniac Falconwind
0%
Emerald Diorama Flamberge, Zweihander - Galatyn
0%
Emerald Diorama Twin Dragon Karoma's Mana Gekkabijin
0%
Emerald Diorama Punch, Pressure Point - Gilded Hand
0%
Ode to Castlevania Trident Duplicator Gungnir-Souris
0%
Emerald Diorama Super Missile, Hydra Cannon - Hyperion Bazooka
0%
Emerald Diorama Khukuri Parm Aegis Jetstream
0%
Ode to Castlevania Keremet Bubbles Armor Keremet Morbus
0%
Ode to Castlevania Kaiser Knuckle, Evolved Bracelet - Lapiste Tepisto
0%
Emerald Diorama Glaive, Feather Spear - Lohengrin
0%
Ode to Castlevania Star Flail Pummarola Moon Rod
0%
Ode to Castlevania Jet Black Whip Gold Mask Mormegil Tip
0%
Ode to Castlevania Icebrand, Evolved King Bible - Ninth Circle
0%
Emerald Diorama Eagle Gun Spinach Pendragon
0%
Operation Guns C-U-Laser Tiragisu, Weapon Power-Up Pronto Beam
0%
Emerald Diorama Splashers Spellbinder Pursuant Blades
0%
Emerald Diorama Spirit Rings Any 5 Rings of Calamity
0%
Emergency Meeting Space Rocks Mini Scientist Rocket Science
0%
Ante Chamber Fibonacci Spritz Outer Saboteur Royal Flush
0%
Ode to Castlevania Guardian's Targe Pummarola Sacred Beasts Tower Shield
0%
Ode to Castlevania Raging Fire Spinach Salamender
0%
Ode to Castlevania Summon Spirit, Evolved Magic Wand - Spirit of Light
0%
Ode to Castlevania Wind Whip Crown Spirit Tornado Tip
0%
Ode to Castlevania Mace Hollow Heart Stamazza
0%
Ode to Castlevania Discus Parm Aegis Stellar Blade
0%
Ode to Castlevania Fulgur Duplicator Tenebris Tonitrus
0%
Ode to Castlevania Alucard Spear Wings Thunderbolt Spear
0%
Emerald Diorama Kick Pummarola Triangle Kick
0%
Ode to Castlevania Summon Spirit Tornado, Evolved Pentagram - Venus Crescent
0%
Operation Guns Sonic Boom Armor, Weapon Power-Up Wave Beam
0%
No matching quizzes found
Score Distribution
Percent of People with Each Score
Percentile by Number Answered
Your Score History
You have not taken this quiz since the last reset